載入...
Building Professional learning Communities to
| 主要作者: | |
|---|---|
| 語言: | Undetermined |
| 主題: |
| LEADER | 00586nab a2200181Ia 4500 | ||
|---|---|---|---|
| 008 | 170811c99999999xx |||||||||||| ||und|| | ||
| 100 | |a G M Steyn | ||
| 245 | |a Building Professional learning Communities to | ||
| 300 | |a 277-289 | ||
| 653 | |a Learning communities | ||
| 653 | |a Professional development | ||
| 653 | |a Schools | ||
| 653 | |a South Africa | ||
| 653 | |a Teaching | ||
| 773 | |t Anthropologist |g Vol. 15 No. 3 (May 2013) 2013 | ||
| 942 | |c ART | ||
| 999 | |c 180494 |d 180494 | ||
| 952 | |0 0 |1 0 |4 0 |7 0 |9 246342 |a LIB |b LIB |d 2017-08-13 |h Vol. 15 No. 3 (May 2013) 2013 |r 2017-08-13 |w 2017-08-13 |y ART | ||